|
|
|
|
| LEADER |
01622nam a2200457 a 4500 |
| 001 |
000763355 |
| 003 |
CZ BrMZK |
| 005 |
20050304111953.0 |
| 007 |
ta |
| 008 |
050211s2003 xr abe er 001 0dczeoc |
| 015 |
|
|
|a cnb001299388
|
| 020 |
|
|
|a 80-86277-31-3
|q (brož.)
|
| 035 |
|
|
|a (OCoLC)56717080
|
| 040 |
|
|
|a ABA001
|b cze
|d BOA001
|
| 041 |
1 |
|
|a eng
|h cze
|h eng
|
| 043 |
|
|
|a f-ua---
|a a-sy---
|a a-is---
|
| 045 |
|
|
|a c0c2
|
| 072 |
|
7 |
|a 94(3)
|x Dějiny zemí starověkého světa
|2 Konspekt
|9 8
|
| 080 |
|
|
|a 821(620)
|2 MRF
|
| 080 |
|
|
|a 94(32)
|2 MRF
|
| 080 |
|
|
|a 94(394)
|2 MRF
|
| 080 |
|
|
|a 94(394.5)
|2 MRF
|
| 080 |
|
|
|a (048.8)
|2 MRF
|
| 100 |
1 |
|
|a Bárta, Miroslav,
|d 1969-
|7 ola2002146301
|4 aut
|
| 245 |
1 |
0 |
|a Sinuhe, the Bible, and the patriarchs /
|c Miroslav Bárta ; foreword by Thomas E. Levy ; [translation Renata Landgráfová]
|
| 250 |
|
|
|a 1st ed.
|
| 260 |
|
|
|a Prague :
|b Set out,
|c 2003
|
| 300 |
|
|
|a 285 s. :
|b il., mapy, plány ;
|c 22 cm
|
| 500 |
|
|
|a Přeloženo z češtiny
|
| 500 |
|
|
|a Chronologický přehled
|
| 504 |
|
|
|a Obsahuje bibliografii a rejstřík
|
| 650 |
0 |
7 |
|a Sinuhet (fiktivní postava)
|7 ph118081
|2 czenas
|
| 650 |
0 |
7 |
|a egyptská literatura
|7 ph119781
|y starověk
|2 czenas
|
| 655 |
|
7 |
|a studie
|7 fd133597
|2 czenas
|
| 651 |
|
7 |
|a Palestina
|7 ge130360
|x dějiny
|2 czenas
|
| 651 |
|
7 |
|a starověká Sýrie
|7 ge192283
|x dějiny
|2 czenas
|
| 651 |
|
7 |
|a starověký Egypt
|7 ge146585
|x dějiny
|y tis. 2. př. Kr.
|2 czenas
|
| 910 |
|
|
|a BOA001
|b 2-1147.206
|
| 990 |
|
|
|a BK
|
| 991 |
|
|
|b 200502
|c NOV
|
| 996 |
6 |
|
|b 2610240997
|c 2-1147.206
|l MZK
|r Sklad / do 1 hodiny
|n 0
|p p.v.
|w 000763355
|u 000010
|a 1
|e BOA001
|j MZK50
|s P
|